000
00300nam a2200121Ia 4500
008
240624s9999 xx 000 0 und d
041
_a
eng
082
_a
658.4038011 MAL
100
_a
MALIK KAMNA
245
_a
MANAGEMENT INFORMATION SYSTEMS
260
_c
1999
_a
New Delhi
_b
Excel Books
300
_a
ix, : 152
999
_c
30
_d
30